| 000 | 00533nam a2200145Ia 4500 | ||
|---|---|---|---|
| 008 | 140724s9999 xx 000 0 und d | ||
| 050 |
_aRT 98 _b.C383 2013 |
||
| 100 | _aCawili, Klaudeen. | ||
| 245 |
_aNote taking and the academic achievement of Southville International School and Colleges Bachelor of Science in Nursing 2013 / _cKlaudeen Cawili. |
||
| 260 |
_aLas PiƱas, Philippines : _bSouthville International School and Colleges, _cc2013. |
||
| 300 |
_a70 p. : _c28 cm. |
||
| 521 | _aNursing | ||
| 942 | _cTH | ||
| 999 |
_c229058 _d229058 |
||